000 01252nam a22003377a 4500
003 CHAP
005 20220329134145.0
008 971013s1956 r 00010 d
010 _a16285
011 _a17257
035 _a21340
040 _cCHAP
090 _aTesis
100 0 0 _aGutiérrez Medina, Raúl.
_951763
245 _aRevisión del estudio de almacenamiento de las aguas del Río Texcoco por la "Presa de Tequesquinahua" para riego de los terrenos de los poblados de Tequesquinahua y Huexotla, Edo. de México
260 _aChapingo, Méx., :
_bEl autor,
_c1956
300 _a110 h.
_b: ilus
502 _aTesis (Ing. Agr. Esp. en Industrias Agrícolas) -- ENA. Departamento de Industrias Agrícolas
590 _aALEPH
_b10
_c20130110
_lUCH01
_h1238
590 _aBATCH-UPD
_b10
_c20130110
_lUCH01
_h1318
590 _aBATCH-UPD
_b10
_c20130410
_lUCH01
_h0829
590 _aBATCH-UPD
_b10
_c20130914
_lUCH01
_h0309
590 _aCONVERSION
_b10
_c20130109
_lUCH01
_h1310
650 1 4 _aAgua
_xAlmacenamiento.
_92279
650 1 4 _aPresa de Tequesquinahua.
_991428
650 1 4 _aPresas
_xMéxico (Edo.)
_991495
901 _aBK
942 _cFOLL
949 _bBC
_cTES
_d-49704
_eTS1
_i21340
_si
949 _bBC
_cTES
_d-49705
_eTS2
_fc.2
_i21340
_si
999 _c16285
_d16285